Flexibler Rahmen: der Islam in Deutschland und das Grundgesetz

Saved in:  
Bibliographic Details
Authors: Oebbecke, Janbernd (Author) ; Oebbecke, Johannes (Author)
Format: Print Article
Language:German
Check availability: HBZ Gateway
Interlibrary Loan:Interlibrary Loan for the Fachinformationsdienste (Specialized Information Services in Germany)
Published: 1998
In: Herder-Korrespondenz
Year: 1998, Volume: 52, Issue: 8, Pages: 413-416
Standardized Subjects / Keyword chains:B Deutschland (boat, 1866-1875) / Muslim / Religious freedom
RelBib Classification:BJ Islam
SA Church law; state-church law
Further subjects:B Federal Republic of Germany
B Religious freedom
B Islam
B Bundesrepublik Deutschland
B Religious Freedom
B Constitutional Law
B Constitutional law
Parallel Edition:Electronic

MARC

LEADER 00000caa a22000002c 4500
001 582692350
003 DE-627
005 20250824170522.0
007 tu
008 160405s1998 xx ||||| 00| ||ger c
035 |a (DE-627)582692350 
035 |a (DE-576)465449255 
035 |a (DE-599)GBV582692350 
040 |a DE-627  |b ger  |c DE-627  |e rakwb 
041 |a ger 
084 |a 1  |2 ssgn 
100 1 |a Oebbecke, Janbernd  |4 aut 
245 1 0 |a Flexibler Rahmen  |b der Islam in Deutschland und das Grundgesetz  |c Johannes Oebbecke 
264 1 |c 1998 
336 |a Text  |b txt  |2 rdacontent 
337 |a ohne Hilfsmittel zu benutzen  |b n  |2 rdamedia 
338 |a Band  |b nc  |2 rdacarrier 
500 |a Aufsatz 
650 4 |a Islam 
650 4 |a Bundesrepublik Deutschland 
650 4 |a Verfassungsrecht 
650 4 |a Religionsfreiheit 
650 4 |a Federal Republic of Germany 
650 4 |a Constitutional Law 
650 4 |a Religious Freedom 
652 |a BJ:SA 
689 0 0 |d g  |0 (DE-588)4011882-4  |0 (DE-627)104704861  |0 (DE-576)208896155  |2 gnd  |a Deutschland 
689 0 1 |d s  |0 (DE-588)4040921-1  |0 (DE-627)106221205  |0 (DE-576)209042680  |2 gnd  |a Muslim 
689 0 2 |d s  |0 (DE-588)4125186-6  |0 (DE-627)105742090  |0 (DE-576)209574488  |2 gnd  |a Religionsfreiheit 
689 0 |5 (DE-627) 
700 1 |a Oebbecke, Johannes  |e VerfasserIn  |4 aut 
773 0 8 |i In  |t Herder-Korrespondenz  |d Freiburg, Br. : Herder, 1946  |g 52(1998), 8, Seite 413-416  |w (DE-627)129073857  |w (DE-600)2422-3  |w (DE-576)014406144  |x 0018-0645  |7 nnas 
773 1 8 |g volume:52  |g year:1998  |g number:8  |g pages:413-416 
776 0 8 |i Reproduziert als  |a Oebbecke, Janbernd  |t Flexibler Rahmen  |d 1998  |w (DE-627)1900702371  |k Electronic 
889 |w (DE-627)1864117664 
935 |a mteo  |a DTH5 
935 |i mdedup 
935 |i Blocktest 
951 |a AR 
CAN |a 1 
ELC |b 1 
ITA |a 1  |t 1 
LOK |0 000 xxxxxcx a22 zn 4500 
LOK |0 001 3306344982 
LOK |0 003 DE-627 
LOK |0 004 582692350 
LOK |0 005 20160405130648 
LOK |0 008 160404||||||||||||||||ger||||||| 
LOK |0 040   |a DE-Tue135  |c DE-627  |d DE-Tue135 
LOK |0 092   |o n 
LOK |0 852   |a DE-Tue135 
LOK |0 852 1  |9 00 
LOK |0 935   |a ixzs  |a ixmi 
LOK |0 936ln  |0 1442043539  |a BJ 
LOK |0 936ln  |0 1442053283  |a SA 
LOK |0 939   |a 04-04-16  |b l01 
ORI |a SA-MARC-ixtheoa001.raw 
REL |a 1 
STA 0 0 |a Constitutional law,Deutschland (boat, 1866-1875),Germany,Germany,Germany,Germany,German Federal Republic (motif),Germany,Germany,Germany,Germany,Germany,Germany,Germany,German Democratic Republic,Germany,Federal Republic of Germany,Germany,Germany,Soviet Occupation Zone,French Occupation Zone,Islam,Islam,Muslim,Muslim,Mohammedan,Moslem,Religious freedom,Freedom of religion,Religious liberty 
STB 0 0 |a Deutschland (bateau, 1866-1875),Allemagne,Allemagne,République fédérale d'Allemagne (motif),Droit constitutionnel,Islam,Islam,Liberté religieuse,Musulman,Musulman 
STC 0 0 |a Alemania,Alemania,Derecho constitucional,Islam,Islam,Libertad de religión,Musulmán,Musulmán 
STD 0 0 |a Diritto costituzionale,Germania,Germania,Islam,Islam,Libertà di religione,Musulmano,Musulmano 
STE 0 0 |a 伊斯兰教,伊斯兰教,回教,回教,宗教自由,信教自由,宪制性法律,德国,德国,穆斯林,穆斯林 
STF 0 0 |a 伊斯蘭教,伊斯蘭教,回教,回教,宗教自由,信教自由,德國,德國,憲制性法律,穆斯林,穆斯林 
STG 0 0 |a Alemanha,Alemanha,Direito constitucional,Islã,Islã,Liberdade de religião,Muçulmano,Muçulmano 
STH 0 0 |a Германия (ГДР, мотив),Германия (мотив),Ислам (мотив),Ислам,Конституционное право,Мусульманин (мотив),Мусульманин,Свобода вероисповедания 
STI 0 0 |a Γερμανία (ΛΔΓ, μοτίβο),Γερμανία (μοτίβο),Θρησκευτική ελευθερία,Ισλάμ (μοτίβο),Ισλάμ,Μουσουλμάνος (μοτίβο),Μουσουλμάνος,Συνταγματικό δίκαιο 
SUB |a CAN  |a REL 
SYE 0 0 |a Islam , Rechtsordnung - Verfassungsrecht , Religiöse Freiheit 
SYG 0 0 |a DDR,Deutsche Demokratische Republik,Germany,Amerikanische Zone Deutschlands,BRD,Britische Zone Deutschlands,Bundesrepublik Deutschland,Französische Zone Deutschlands,Vereinigtes Wirtschaftsgebiet Deutschlands,BRD,Bundesrepublik Deutschland , Vereinigtes Wirtschaftsgebiet,Bizone,Verwaltung des Vereinigten Wirtschaftsgebietes,Französische Zone,Zone Française d'Occupation,Französische Besatzungszone,ZFO,Britische Zone,British occupation zone,Britische Besatzungszone,British Zone of Control,Britisches Kontrollgebiet,British Element,Britisches Element,Sowjetische Zone,Russische Zone,Sowjetische Besatzungszone,Russische Besatzungszone,Sowjetische Besatzungszone Deutschlands,Sowjetische Besatzungszone in Deutschland,Sowjetisch Besetzte Zone,Sowjetzone,Ostzone,SBZ,Länder,Westliche Bundesländer,Alte Bundesländer,Deutschland,Westdeutschland,Deutschland,Westzonen,Westliche Besatzungszonen,Trizone,Amerikanische Zone,American occupation zone,Amerikanische Besatzungszone,ABZ,United States Area of Control,Amerikanisches Kontrollgebiet,U.S. zone of occupation,United States Zone,U.S. Zone,US-Zone,Alemanha,Alemania,Allemagne,Almanija,Almāniyā,Bondsrepubliek Duitsland,BRD,BRD,Bundesrepublik Deutschland,Deutschland,Deutschland,Federal Republic of Germany,Förbundsrepubliken Tyskland,Förbundsrepublikken Tyskland,FRG,Germany,Németországi Szövetségi Kőztársaság,Niemiecka Republika Federalna Niemiecka Republika Federalna,NRF,Repubblica Federale di Germania,Republic of Germany,República Federal da Alemanha,República Federal de Alemania,Republik Federasi Djerman,Republika Federalna Niemiec,République Fédérale d'Allemagne,RFN,Saksan Liittotasavalta,Westdeutschland,Deutsche Demokratische Republik,DDR,Deutschland,German Democratic Republic,GDR,République Démocratique Allemande,RDA,Germanskaja Demokratičeskaja Respublika,Demokratičeskaja Respublika,Democratic Republic,Demokratische Republik,Niemiecka Republika Demokratyczna,NRD,Ǧumhūrīyat Almāniyā ad-Dīmuqrāṭīya,República Democrática Alemana,Saksan Demokraattisen Tasavallan,Repubblica Democratica Tedesca,Mitteldeutschland,Ostdeutschland,East Germany,Ostzone,Deutsche Länder,Germany,Heiliges Römisches Reich,Rheinbund,Deutscher Bund,Norddeutscher Bund,Deutsches Reich,Deutschland,Deutschland,BRD,Federal Republic of Germany,Republic of Germany,Allemagne,Ǧumhūrīyat Almāniyā al-Ittiḥādīya,Bundesrepublik Deutschland,BRD,Niemcy,République Fédérale d'Allemagne,Repubblica Federale di Germania,Germanija,Federativnaja Respublika Germanija,FRG,Deyizhi-Lianbang-Gongheguo,Östliche Bundesländer,Neue Bundesländer,Länder,Deutschland,Ostdeutschland,Deutschland,Deutschland , Muslimin,Muslime,Mohammedaner,Mohammedanerin,Moslem,Muselman,Muselmann,Moslemische Frau,Muslimische Frau,Muslima,Moslemin,Mosliminnen,Moslem,Mohammedaner,Muselman,Muselmann,Muslime , Religiöse Freiheit 
TIM |a 100019901003_100020261231  |b 1990-10-03 - 2026